000 01372nam a2200361 a 4500
001 ebr10522343
003 CaPaEBR
006 m u
007 cr cn|||||||||
008 110603s2012 njuaf sb 001 0 eng d
010 _z 2011016838
020 _z9780470694695 (cloth)
020 _z9780470694688 (pbk.)
020 _z9781119994596 (e-book)
040 _aCaPaEBR
_cCaPaEBR
035 _a(OCoLC)768732116
050 1 4 _aQC861.3
_b.W45 2012eb
082 0 4 _a551.5
_223
100 1 _aWells, Neil.
245 1 4 _aThe atmosphere and ocean
_h[electronic resource] :
_ba physical introduction /
_cNeil C. Wells.
250 _a3rd ed.
260 _aHoboken, N.J. :
_bWiley,
_c2012.
300 _avii, 411 p., [16] p. of plates :
_bill. (some col.).
490 1 _aAdvancing weather and climate science
504 _aIncludes bibliographical references and index.
533 _aElectronic reproduction.
_bPalo Alto, Calif. :
_cebrary,
_d2013.
_nAvailable via World Wide Web.
_nAccess may be limited to ebrary affiliated libraries.
650 0 _aAtmospheric physics.
650 0 _aOceanography.
655 7 _aElectronic books.
_2local
710 2 _aebrary, Inc.
830 0 _aAdvancing weather and climate science.
856 4 0 _uhttp://site.ebrary.com/lib/rucke/Doc?id=10522343
_zAn electronic book accessible through the World Wide Web; click to view
999 _c238405
_d238405